[Event "Helsinki Chess Festival - Seniors"]
[Site "chess24.com"]
[Date "2019.08.17"]
[Round "7"]
[White "Westerinen, Heikki M.J."]
[Black "Peebo, Kalle"]
[Result "1-0"]
[Board "1"]
[WhiteTitle "GM"]
[WhiteElo "2297"]
[WhiteCountry "FIN"]
[WhiteFideId "500020"]
[WhiteEloChange "7"]
[BlackElo "2200"]
[BlackCountry "EST"]
[BlackFideId "4503805"]
[BlackEloChange "-7"]

1. e4 {[%clk 1:30:58]} d6 {[%clk 1:30:47]} 2. d4 {[%clk 1:31:09]} e5 {[%clk
1:31:07]} 3. Nf3 {[%clk 1:25:32]} exd4 {[%clk 1:28:23]} 4. Nxd4 {[%clk 1:25:26]}
g6 {[%clk 1:28:46]} 5. Nc3 {[%clk 1:22:41]} Bg7 {[%clk 1:29:08]} 6. Bc4 {[%clk
1:20:39]} Nc6 {[%clk 1:26:50]} 7. Nxc6 {[%clk 1:19:23]} bxc6 {[%clk 1:27:12]} 8.
O-O {[%clk 1:19:01]} Be6 {[%clk 1:24:46]} 9. Qd3 {[%clk 1:13:22]} Nf6 {[%clk
1:17:59]} 10. Bxe6 {[%clk 1:05:20]} fxe6 {[%clk 1:18:19]} 11. e5 {[%clk 1:04:49]}
Ng4 {[%clk 1:11:21]} 12. exd6 {[%clk 1:02:36]} Qxd6 {[%clk 1:10:22]} 13. Qh3
{[%clk 0:58:59]} h5 {[%clk 0:57:59]} 14. Ne4 {[%clk 0:58:38]} Qe5 {[%clk
0:58:00]} 15. Re1 {[%clk 0:51:13]} O-O {[%clk 0:57:35]} 16. Qg3 {[%clk 0:51:27]}
Qd5 {[%clk 0:46:31]} 17. h3 {[%clk 0:48:57]} Be5 {[%clk 0:45:22]} 18. f4 {[%clk
0:44:16]} 1-0

[Event "Helsinki Chess Festival - Seniors"]
[Site "chess24.com"]
[Date "2019.08.17"]
[Round "7"]
[White "Hammar, Bengt"]
[Black "Karasev, Vladimir I"]
[Result "0-1"]
[Board "2"]
[WhiteTitle "FM"]
[WhiteElo "2199"]
[WhiteCountry "SWE"]
[WhiteFideId "1700391"]
[WhiteEloChange "-8"]
[BlackTitle "IM"]
[BlackElo "2283"]
[BlackCountry "RUS"]
[BlackFideId "4103971"]
[BlackEloChange "8"]

1. e4 {[%clk 1:30:18]} c5 {[%clk 1:30:55]} 2. Nf3 {[%clk 1:30:27]} e6 {[%clk
1:31:20]} 3. d3 {[%clk 1:29:40]} Nc6 {[%clk 1:31:34]} 4. g3 {[%clk 1:29:45]} d6
{[%clk 1:31:52]} 5. Bg2 {[%clk 1:29:47]} e5 {[%clk 1:31:45]} 6. O-O {[%clk
1:27:20]} g6 {[%clk 1:31:48]} 7. Nc3 {[%clk 1:26:50]} Bg7 {[%clk 1:32:10]} 8. Nd5
{[%clk 1:25:22]} h6 {[%clk 1:31:36]} 9. Nd2 {[%clk 1:24:54]} Nge7 {[%clk
1:31:37]} 10. Nc4 {[%clk 1:23:41]} b5 {[%clk 1:28:25]} 11. Nce3 {[%clk 1:23:42]}
Nxd5 {[%clk 1:27:15]} 12. exd5 {[%clk 1:19:30]} Ne7 {[%clk 1:26:30]} 13. a4
{[%clk 1:18:17]} b4 {[%clk 1:26:52]} 14. Nc4 {[%clk 1:12:59]} Bb7 {[%clk
1:26:51]} 15. f4 {[%clk 1:13:12]} Nxd5 {[%clk 1:18:48]} 16. Qf3 {[%clk 0:54:01]}
O-O {[%clk 1:16:35]} 17. Ne3 {[%clk 0:53:42]} Nxe3 {[%clk 1:16:42]} 18. Qxb7
{[%clk 0:54:05]} Rb8 {[%clk 1:16:30]} 19. Qxa7 {[%clk 0:53:06]} Nxf1 {[%clk
1:16:53]} 20. Kxf1 {[%clk 0:52:45]} exf4 {[%clk 1:17:09]} 21. Bxf4 {[%clk
0:52:01]} Qf6 {[%clk 1:15:56]} 22. Kg1 {[%clk 0:51:45]} Qxb2 {[%clk 1:15:39]} 23.
Rf1 {[%clk 0:51:58]} b3 {[%clk 1:14:04]} 24. cxb3 {[%clk 0:51:54]} Rxb3 {[%clk
1:14:17]} 25. a5 {[%clk 0:51:03]} Rxd3 {[%clk 1:14:03]} 26. a6 {[%clk 0:50:27]}
g5 {[%clk 1:13:55]} 27. Bc1 {[%clk 0:49:58]} Qd4+ {[%clk 1:14:04]} 28. Kh1 {[%clk
0:50:25]} Rd1 {[%clk 1:14:17]} 0-1

[Event "Helsinki Chess Festival - Seniors"]
[Site "chess24.com"]
[Date "2019.08.17"]
[Round "7"]
[White "Halldorsson, Bragi"]
[Black "Fomina, Tatyana"]
[Result "0-1"]
[Board "3"]
[WhiteElo "2116"]
[WhiteCountry "ISL"]
[WhiteFideId "2300907"]
[WhiteEloChange "-8"]
[BlackTitle "WGM"]
[BlackElo "2201"]
[BlackCountry "EST"]
[BlackFideId "4500156"]
[BlackEloChange "8"]

1. d4 {[%clk 1:29:38]} d5 {[%clk 1:30:52]} 2. Nf3 {[%clk 1:29:56]} Bg4 {[%clk
1:30:46]} 3. Ne5 {[%clk 1:29:45]} Bh5 {[%clk 1:30:16]} 4. c4 {[%clk 1:29:02]} f6
{[%clk 1:30:10]} 5. g4 {[%clk 1:27:12]} fxe5 {[%clk 1:25:52]} 6. gxh5 {[%clk
1:27:33]} Nc6 {[%clk 1:24:48]} 7. Bg2 {[%clk 1:22:59]} e6 {[%clk 1:17:21]} 8.
cxd5 {[%clk 1:21:24]} exd5 {[%clk 1:17:03]} 9. dxe5 {[%clk 1:21:23]} Bb4+ {[%clk
1:16:46]} 10. Bd2 {[%clk 1:20:30]} Bxd2+ {[%clk 1:16:10]} 11. Qxd2 {[%clk
1:20:13]} Nge7 {[%clk 1:15:57]} 12. h6 {[%clk 1:19:23]} Nxe5 {[%clk 1:10:03]} 13.
Nc3 {[%clk 1:16:53]} c6 {[%clk 1:07:53]} 14. O-O-O {[%clk 1:13:53]} N7g6 {[%clk
1:03:25]} 15. e4 {[%clk 1:12:20]} Nc4 {[%clk 1:01:54]} 16. Qe1 {[%clk 1:09:10]}
O-O {[%clk 0:56:04]} 17. hxg7 {[%clk 1:09:04]} Kxg7 {[%clk 0:55:07]} 18. Bf1
{[%clk 1:05:48]} Qb6 {[%clk 0:50:43]} 19. Bxc4 {[%clk 1:04:20]} dxc4 {[%clk
0:50:47]} 20. Rf1 {[%clk 1:03:38]} Qc7 {[%clk 0:46:41]} 21. Kb1 {[%clk 1:00:41]}
Rae8 {[%clk 0:43:43]} 22. Qe3 {[%clk 0:58:58]} b5 {[%clk 0:41:37]} 23. Ne2 {[%clk
0:59:04]} Qe5 {[%clk 0:35:27]} 24. Ng3 {[%clk 0:58:51]} Kg8 {[%clk 0:34:03]} 25.
Rd7 {[%clk 0:56:19]} b4 {[%clk 0:29:17]} 26. Qxa7 {[%clk 0:50:26]} c3 {[%clk
0:23:41]} 27. Qc7 {[%clk 0:46:22]} cxb2 {[%clk 0:21:36]} 28. f3 {[%clk 0:42:36]}
Qxc7 {[%clk 0:17:43]} 29. Rxc7 {[%clk 0:42:55]} Ne5 {[%clk 0:15:49]} 30. Nf5
{[%clk 0:42:41]} Kh8 {[%clk 0:14:39]} 31. f4 {[%clk 0:38:10]} Nc4 {[%clk
0:14:00]} 32. Rg1 {[%clk 0:36:25]} Rxe4 {[%clk 0:13:20]} 33. Rxc6 {[%clk
0:34:46]} Rxf4 {[%clk 0:07:19]} 34. Ng3 {[%clk 0:33:52]} Rd4 {[%clk 0:05:14]} 35.
Nf5 {[%clk 0:32:44]} Re4 {[%clk 0:04:53]} 36. Ng3 {[%clk 0:32:48]} Ref4 {[%clk
0:05:15]} 37. Rd1 {[%clk 0:30:48]} Rh4 {[%clk 0:04:56]} 38. Rxc4 {[%clk 0:30:13]}
Rxc4 {[%clk 0:05:21]} 39. Kxb2 {[%clk 0:27:20]} Rf2+ {[%clk 0:05:27]} 40. Kb3
{[%clk 0:57:17]} Rh4 {[%clk 0:35:18]} 41. Rd5 {[%clk 0:55:03]} Rf3+ {[%clk
0:34:04]} 42. Ka4 {[%clk 0:53:41]} b3+ {[%clk 0:33:35]} 43. Kb5 {[%clk 0:53:23]}
b2 {[%clk 0:33:15]} 44. Rd1 {[%clk 0:53:04]} Rxh2 {[%clk 0:33:08]} 45. Ne4 {[%clk
0:53:09]} Kg7 {[%clk 0:28:39]} 46. a4 {[%clk 0:50:49]} Rb3+ {[%clk 0:28:51]} 0-1

[Event "Helsinki Chess Festival - Seniors"]
[Site "chess24.com"]
[Date "2019.08.17"]
[Round "7"]
[White "Strand, Kjetil"]
[Black "Kaunas, Kestutis"]
[Result "0-1"]
[Board "4"]
[WhiteElo "2026"]
[WhiteCountry "NOR"]
[WhiteFideId "1503111"]
[WhiteEloChange "-6"]
[BlackTitle "IM"]
[BlackElo "2154"]
[BlackCountry "LTU"]
[BlackFideId "12800139"]
[BlackEloChange "6"]

1. e4 {[%clk 1:30:58]} c6 {[%clk 1:28:39]} 2. d4 {[%clk 1:31:20]} d5 {[%clk
1:29:07]} 3. exd5 {[%clk 1:31:35]} cxd5 {[%clk 1:29:34]} 4. c4 {[%clk 1:31:48]}
Nf6 {[%clk 1:29:46]} 5. Nc3 {[%clk 1:32:06]} Nc6 {[%clk 1:28:42]} 6. Nf3 {[%clk
1:30:52]} Bg4 {[%clk 1:28:20]} 7. cxd5 {[%clk 1:30:39]} Nxd5 {[%clk 1:24:48]} 8.
Qb3 {[%clk 1:29:44]} Bxf3 {[%clk 1:24:01]} 9. gxf3 {[%clk 1:30:05]} e6 {[%clk
1:20:54]} 10. Qxb7 {[%clk 1:29:58]} Nxd4 {[%clk 1:20:08]} 11. Bb5+ {[%clk
1:29:35]} Nxb5 {[%clk 1:20:33]} 12. Qc6+ {[%clk 1:29:10]} Ke7 {[%clk 1:20:56]}
13. Qxb5 {[%clk 1:28:35]} Qd7 {[%clk 1:08:44]} 14. Nxd5+ {[%clk 1:28:36]} Qxd5
{[%clk 1:06:11]} 15. Qxd5 {[%clk 1:28:55]} exd5 {[%clk 1:06:39]} 16. O-O {[%clk
1:29:14]} Rd8 {[%clk 1:00:49]} 17. Bd2 {[%clk 1:22:12]} Ke6 {[%clk 0:46:17]} 18.
Rac1 {[%clk 1:20:14]} Bd6 {[%clk 0:44:23]} 19. Rc6 {[%clk 1:19:47]} Kf5 {[%clk
0:44:24]} 20. Rd1 {[%clk 1:11:30]} d4 {[%clk 0:36:52]} 21. Kg2 {[%clk 1:09:59]}
Rd7 {[%clk 0:35:30]} 22. Ba5 {[%clk 1:03:49]} Bf4 {[%clk 0:29:28]} 23. Rc5+
{[%clk 0:59:34]} Kg6 {[%clk 0:24:46]} 24. Rd3 {[%clk 0:58:47]} Re8 {[%clk
0:19:37]} 25. b4 {[%clk 0:57:52]} Re2 {[%clk 0:19:15]} 26. a3 {[%clk 0:40:30]}
Be3 {[%clk 0:17:50]} 27. Bc7 {[%clk 0:38:22]} Rxf2+ {[%clk 0:17:04]} 28. Kg3
{[%clk 0:37:30]} Ra2 {[%clk 0:07:51]} 29. h4 {[%clk 0:36:05]} h5 {[%clk 0:08:09]}
30. Bf4 {[%clk 0:35:40]} Bf2+ {[%clk 0:05:04]} 31. Kh3 {[%clk 0:35:32]} f6 {[%clk
0:05:08]} 32. Rc1 {[%clk 0:32:45]} Re7 {[%clk 0:04:08]} 33. Rcd1 {[%clk 0:29:42]}
Kf5 {[%clk 0:02:54]} 34. R1d2 {[%clk 0:20:33]} Rxd2 {[%clk 0:01:32]} 35. Bxd2
{[%clk 0:20:49]} Ke5 {[%clk 0:01:04]} 36. a4 {[%clk 0:20:20]} Kd5 {[%clk
0:01:20]} 37. Kg2 {[%clk 0:19:31]} Kc4 {[%clk 0:01:34]} 38. Ra3 {[%clk 0:18:30]}
Re2 {[%clk 0:01:41]} 39. Bf4 {[%clk 0:18:50]} Be3+ {[%clk 0:00:49]} 40. Kg3
{[%clk 0:49:11]} Bxf4+ {[%clk 0:30:46]} 41. Kxf4 {[%clk 0:49:35]} d3 {[%clk
0:04:09]} 0-1

[Event "Helsinki Chess Festival - Seniors"]
[Site "chess24.com"]
[Date "2019.08.17"]
[Round "7"]
[White "Rantanen, Yrjo A."]
[Black "Mishuchkov, Nikolai M."]
[Result "1/2-1/2"]
[Board "5"]
[WhiteTitle "GM"]
[WhiteElo "2302"]
[WhiteCountry "FIN"]
[WhiteFideId "500038"]
[WhiteEloChange "-1"]
[BlackTitle "IM"]
[BlackElo "2274"]
[BlackCountry "RUS"]
[BlackFideId "4102401"]
[BlackEloChange "1"]

1. e4 {[%clk 1:30:53]} c5 {[%clk 1:30:56]} 2. Nf3 {[%clk 1:31:12]} e6 {[%clk
1:31:23]} 3. c3 {[%clk 1:31:14]} d5 {[%clk 1:31:47]} 4. e5 {[%clk 1:31:36]} d4
{[%clk 1:32:14]} 5. Bd3 {[%clk 1:31:56]} Bd7 {[%clk 1:32:36]} 6. O-O {[%clk
1:29:36]} Ne7 {[%clk 1:26:43]} 7. Re1 {[%clk 1:02:47]} Ng6 {[%clk 0:57:31]} 8. g3
{[%clk 1:01:55]} Bc6 {[%clk 0:54:48]} 9. cxd4 {[%clk 0:47:29]} cxd4 {[%clk
0:54:04]} 10. h4 {[%clk 0:47:22]} Nd7 {[%clk 0:52:13]} 11. Bxg6 {[%clk 0:39:36]}
hxg6 {[%clk 0:52:24]} 12. Nxd4 {[%clk 0:39:13]} Nxe5 {[%clk 0:03:54]} 13. Nxc6
{[%clk 0:35:40]} Nxc6 {[%clk 0:52:43]} 14. d3 {[%clk 0:35:27]} 1/2-1/2

[Event "Helsinki Chess Festival - Seniors"]
[Site "chess24.com"]
[Date "2019.08.17"]
[Round "8"]
[White "Peebo, Kalle"]
[Black "Mishuchkov, Nikolai M."]
[Result "0-1"]
[Board "1"]
[WhiteElo "2200"]
[WhiteCountry "EST"]
[WhiteFideId "4503805"]
[WhiteEloChange "-8"]
[BlackTitle "IM"]
[BlackElo "2274"]
[BlackCountry "RUS"]
[BlackFideId "4102401"]
[BlackEloChange "8"]

1. d4 {[%clk 1:30:55]} Nf6 {[%clk 1:30:47]} 2. Nf3 {[%clk 1:31:12]} d5 {[%clk
1:30:30]} 3. Bg5 {[%clk 1:31:23]} Ne4 {[%clk 1:30:39]} 4. Bh4 {[%clk 1:31:40]} c5
{[%clk 1:30:06]} 5. e3 {[%clk 1:32:00]} Nc6 {[%clk 1:26:23]} 6. c3 {[%clk
1:32:18]} Qb6 {[%clk 1:26:01]} 7. Qc1 {[%clk 1:32:37]} Bf5 {[%clk 1:22:48]} 8.
Be2 {[%clk 1:31:10]} e6 {[%clk 1:21:01]} 9. O-O {[%clk 1:31:19]} Bd6 {[%clk
1:15:06]} 10. Nbd2 {[%clk 1:31:03]} O-O {[%clk 1:12:09]} 11. Nxe4 {[%clk
1:29:57]} Bxe4 {[%clk 1:11:14]} 12. Bg3 {[%clk 1:28:44]} Bxg3 {[%clk 1:10:34]}
13. hxg3 {[%clk 1:29:13]} Rac8 {[%clk 1:00:32]} 14. Qd2 {[%clk 1:29:01]} cxd4
{[%clk 0:51:20]} 15. exd4 {[%clk 1:29:10]} Qd8 {[%clk 0:48:10]} 16. Rfe1 {[%clk
1:26:45]} Bxf3 {[%clk 0:43:22]} 17. gxf3 {[%clk 1:22:49]} Na5 {[%clk 0:43:42]}
18. Kg2 {[%clk 1:22:53]} Nc4 {[%clk 0:44:00]} 19. Bxc4 {[%clk 1:22:41]} Rxc4
{[%clk 0:44:24]} 20. Re5 {[%clk 1:22:22]} Qf6 {[%clk 0:43:33]} 21. Rh1 {[%clk
1:22:05]} g6 {[%clk 0:43:52]} 22. g4 {[%clk 1:14:54]} b5 {[%clk 0:43:25]} 23. g5
{[%clk 1:09:43]} Qe7 {[%clk 0:42:25]} 24. a3 {[%clk 0:58:04]} a5 {[%clk 0:39:47]}
25. Qe2 {[%clk 0:58:07]} b4 {[%clk 0:30:52]} 26. axb4 {[%clk 0:54:26]} axb4
{[%clk 0:31:08]} 27. Rxd5 {[%clk 0:53:39]} bxc3 {[%clk 0:21:24]} 28. bxc3 {[%clk
0:53:00]} Rxc3 {[%clk 0:20:49]} 29. Re5 {[%clk 0:04:00]} Qb7 {[%clk 0:18:20]} 30.
Qe4 {[%clk 0:39:40]} Qxe4 {[%clk 0:00:13]} 31. Rxe4 {[%clk 0:00:09]} Rd8 {[%clk
0:10:31]} 32. Rhh4 {[%clk 0:31:01]} Rd3 {[%clk 0:16:29]} 33. Reg4 {[%clk
0:28:12]} Rd5 {[%clk 0:15:16]} 34. Kg3 {[%clk 0:27:11]} Rf5 {[%clk 0:14:40]} 35.
Rf4 {[%clk 0:27:12]} Rxg5+ {[%clk 0:14:59]} 36. Rhg4 {[%clk 0:24:27]} Rxg4+
{[%clk 0:13:53]} 37. Rxg4 {[%clk 0:23:44]} f5 {[%clk 0:14:06]} 38. Rh4 {[%clk
0:23:39]} Kg7 {[%clk 0:14:27]} 39. Rh1 {[%clk 0:23:27]} h5 {[%clk 0:13:29]} 40.
Ra1 {[%clk 0:23:01]} g5 {[%clk 0:01:08]} 0-1

[Event "Helsinki Chess Festival - Seniors"]
[Site "chess24.com"]
[Date "2019.08.17"]
[Round "8"]
[White "Kaunas, Kestutis"]
[Black "Rantanen, Yrjo A."]
[Result "1/2-1/2"]
[Board "2"]
[WhiteTitle "IM"]
[WhiteElo "2154"]
[WhiteCountry "LTU"]
[WhiteFideId "12800139"]
[WhiteEloChange "4"]
[BlackTitle "GM"]
[BlackElo "2302"]
[BlackCountry "FIN"]
[BlackFideId "500038"]
[BlackEloChange "-4"]

1. d4 {[%clk 1:30:59]} Nf6 {[%clk 1:30:44]} 2. c4 {[%clk 1:31:11]} e6 {[%clk
1:31:00]} 3. Nc3 {[%clk 1:30:52]} Bb4 {[%clk 1:30:47]} 4. e3 {[%clk 1:30:56]} O-O
{[%clk 1:30:16]} 5. Bd3 {[%clk 1:28:27]} c5 {[%clk 1:28:05]} 6. a3 {[%clk
1:22:25]} Bxc3+ {[%clk 1:24:50]} 7. bxc3 {[%clk 1:22:03]} Nc6 {[%clk 1:23:54]} 8.
Ne2 {[%clk 1:21:20]} d6 {[%clk 1:18:29]} 9. O-O {[%clk 1:02:34]} e5 {[%clk
1:16:29]} 10. e4 {[%clk 0:54:42]} h6 {[%clk 0:57:49]} 11. d5 {[%clk 0:52:54]} Ne7
{[%clk 0:57:53]} 12. Ng3 {[%clk 0:44:23]} Re8 {[%clk 0:50:59]} 13. f3 {[%clk
0:42:09]} b6 {[%clk 0:47:29]} 14. Qe1 {[%clk 0:33:52]} Ng6 {[%clk 0:29:59]} 15.
Nf5 {[%clk 0:23:28]} Nf4 {[%clk 0:29:51]} 16. Bc2 {[%clk 0:20:17]} b5 {[%clk
0:25:24]} 17. g3 {[%clk 0:18:15]} Nh3+ {[%clk 0:25:27]} 18. Kg2 {[%clk 0:17:44]}
Bxf5 {[%clk 0:24:17]} 19. exf5 {[%clk 0:17:42]} Ng5 {[%clk 0:24:17]} 20. Bxg5
{[%clk 0:18:01]} hxg5 {[%clk 0:24:17]} 21. cxb5 {[%clk 0:05:22]} e4 {[%clk
0:25:14]} 22. Bxe4 {[%clk 0:08:48]} g4 {[%clk 0:23:40]} 23. Qd2 {[%clk 0:07:21]}
Re5 {[%clk 0:23:53]} 24. c4 {[%clk 0:04:43]} Qe7 {[%clk 0:24:12]} 25. Bd3 {[%clk
0:01:53]} Re8 {[%clk 0:23:43]} 26. f4 {[%clk 0:01:34]} Re3 {[%clk 0:22:54]} 27.
a4 {[%clk 0:01:30]} Qb7 {[%clk 0:22:56]} 28. Kg1 {[%clk 0:00:37]} Nxd5 {[%clk
0:22:58]} 29. cxd5 {[%clk 0:00:48]} Qxd5 {[%clk 0:23:26]} 30. Rae1 {[%clk
0:00:34]} Rxe1 {[%clk 0:22:13]} 31. Rxe1 {[%clk 0:01:01]} Rxe1+ {[%clk 0:22:24]}
32. Qxe1 {[%clk 0:01:26]} Qxd3 {[%clk 0:22:36]} 33. Qe8+ {[%clk 0:01:27]} Kh7
{[%clk 0:22:27]} 1/2-1/2

[Event "Helsinki Chess Festival - Seniors"]
[Site "chess24.com"]
[Date "2019.08.17"]
[Round "8"]
[White "Karasev, Vladimir I"]
[Black "Halldorsson, Bragi"]
[Result "1-0"]
[Board "4"]
[WhiteTitle "IM"]
[WhiteElo "2283"]
[WhiteCountry "RUS"]
[WhiteFideId "4103971"]
[WhiteEloChange "6"]
[BlackElo "2116"]
[BlackCountry "ISL"]
[BlackFideId "2300907"]
[BlackEloChange "-6"]

1. g3 {[%clk 1:30:55]} d5 {[%clk 1:30:19]} 2. Nf3 {[%clk 1:31:12]} Bf5 {[%clk
1:30:27]} 3. Bg2 {[%clk 1:31:27]} e6 {[%clk 1:30:45]} 4. c4 {[%clk 1:31:09]} c6
{[%clk 1:30:55]} 5. cxd5 {[%clk 1:29:17]} exd5 {[%clk 1:27:33]} 6. d3 {[%clk
1:29:31]} Bd6 {[%clk 1:27:35]} 7. Nc3 {[%clk 1:29:22]} Nf6 {[%clk 1:25:39]} 8.
Nh4 {[%clk 1:29:01]} Bg4 {[%clk 1:24:17]} 9. h3 {[%clk 1:29:07]} Bc8 {[%clk
1:21:55]} 10. e4 {[%clk 1:29:10]} dxe4 {[%clk 1:22:00]} 11. dxe4 {[%clk 1:29:37]}
O-O {[%clk 1:21:29]} 12. O-O {[%clk 1:27:02]} Qe7 {[%clk 1:20:25]} 13. Re1 {[%clk
1:23:45]} Rd8 {[%clk 1:08:37]} 14. Qf3 {[%clk 1:08:51]} Be5 {[%clk 1:07:14]} 15.
Nf5 {[%clk 1:07:13]} Bxf5 {[%clk 1:06:48]} 16. Qxf5 {[%clk 1:07:07]} Nbd7 {[%clk
1:06:29]} 17. Be3 {[%clk 1:02:16]} Nc5 {[%clk 1:01:33]} 18. f4 {[%clk 0:49:28]}
Bd4 {[%clk 1:01:29]} 19. e5 {[%clk 0:49:29]} Ne8 {[%clk 1:01:10]} 20. Qc2 {[%clk
0:45:20]} Nc7 {[%clk 0:59:08]} 21. Bxd4 {[%clk 0:41:03]} Rxd4 {[%clk 0:59:20]}
22. Rad1 {[%clk 0:29:44]} Rad8 {[%clk 0:59:24]} 23. Rxd4 {[%clk 0:30:01]} Rxd4
{[%clk 0:59:40]} 24. Kh2 {[%clk 0:26:38]} Qd7 {[%clk 0:53:43]} 25. Re2 {[%clk
0:22:38]} g6 {[%clk 0:51:12]} 26. a3 {[%clk 0:19:55]} a5 {[%clk 0:50:55]} 27. h4
{[%clk 0:16:51]} Qg4 {[%clk 0:41:54]} 28. Re3 {[%clk 0:14:42]} N7e6 {[%clk
0:35:54]} 29. Ne2 {[%clk 0:12:27]} Qf5 {[%clk 0:33:28]} 30. Nxd4 {[%clk 0:12:22]}
1-0

[Event "Helsinki Chess Festival - Seniors"]
[Site "chess24.com"]
[Date "2019.08.17"]
[Round "8"]
[White "Westerinen, Heikki M.J."]
[Black "Hammar, Bengt"]
[Result "1-0"]
[Board "5"]
[WhiteTitle "GM"]
[WhiteElo "2297"]
[WhiteCountry "FIN"]
[WhiteFideId "500020"]
[WhiteEloChange "7"]
[BlackTitle "FM"]
[BlackElo "2199"]
[BlackCountry "SWE"]
[BlackFideId "1700391"]
[BlackEloChange "-7"]

1. e4 {[%clk 1:30:54]} c5 {[%clk 1:30:31]} 2. Nf3 {[%clk 1:30:29]} d6 {[%clk
1:30:37]} 3. Nc3 {[%clk 1:30:20]} Nf6 {[%clk 1:30:31]} 4. e5 {[%clk 1:30:27]}
dxe5 {[%clk 1:30:48]} 5. Nxe5 {[%clk 0:04:04]} a6 {[%clk 1:27:16]} 6. a4 {[%clk
1:20:41]} Nbd7 {[%clk 1:19:39]} 7. Nc4 {[%clk 1:15:46]} b6 {[%clk 1:19:34]} 8. d4
{[%clk 1:14:16]} e6 {[%clk 1:17:58]} 9. d5 {[%clk 1:04:52]} Bb7 {[%clk 0:46:43]}
10. dxe6 {[%clk 0:56:37]} fxe6 {[%clk 0:45:55]} 11. Bf4 {[%clk 0:52:53]} Nd5
{[%clk 0:43:21]} 12. Bd2 {[%clk 0:37:37]} N7f6 {[%clk 0:42:39]} 13. Be2 {[%clk
0:35:22]} Be7 {[%clk 0:34:39]} 14. O-O {[%clk 0:35:30]} O-O {[%clk 0:34:54]} 15.
Bf3 {[%clk 0:32:20]} Re8 {[%clk 0:32:58]} 16. Qe2 {[%clk 0:32:01]} Bf8 {[%clk
0:33:20]} 17. Rfe1 {[%clk 0:31:53]} Qc7 {[%clk 0:33:37]} 18. Ne4 {[%clk 0:30:15]}
Rad8 {[%clk 0:32:44]} 19. Ng5 {[%clk 0:28:08]} e5 {[%clk 0:31:40]} 20. Rad1
{[%clk 0:23:27]} e4 {[%clk 0:30:55]} 21. Bg4 {[%clk 0:22:24]} Nxg4 {[%clk
0:30:02]} 22. Qxg4 {[%clk 0:22:49]} Nf6 {[%clk 0:30:21]} 23. Qh3 {[%clk 0:17:43]}
Qc6 {[%clk 0:27:38]} 24. Qb3 {[%clk 0:16:36]} Nd5 {[%clk 0:26:33]} 25. Nxe4
{[%clk 0:15:51]} Kh8 {[%clk 0:26:34]} 26. f3 {[%clk 0:15:35]} Qg6 {[%clk
0:26:06]} 27. Ng3 {[%clk 0:13:51]} Nb4 {[%clk 0:23:01]} 28. Ne5 {[%clk 0:09:39]}
Rxe5 {[%clk 0:22:56]} 29. Rxe5 {[%clk 0:10:06]} Nxc2 {[%clk 0:22:26]} 30. Re6
{[%clk 0:07:01]} Qf7 {[%clk 0:22:11]} 31. Rxb6 {[%clk 0:06:27]} Qxb3 {[%clk
0:22:12]} 32. Rxb3 {[%clk 0:06:53]} Bc6 {[%clk 0:22:06]} 33. Rc3 {[%clk 0:06:29]}
Bxa4 {[%clk 0:00:20]} 34. b3 {[%clk 0:06:42]} 1-0